00530nam a2200133 a 450000100100000000500170001000800410002704000250006810000280009324500790012126000270020030000200022750001490024700003074620200930062503.0110527s1971 dr 000 0 spa d aDO-SdBNPbspacBNPHU1 aMatos Berrido, Leonardo14aLas organizaciones en el desarrollo comunitario /cLeonardo Matos Berrido. aSanto Domingo:,c1971. a10 p. ;c22 cm. aCharla ofrecida por el director de la Oficina de Desarrollo de la Comunidad en el Club Unión Progreso, de Baní el día 9 de octubre de 1971